| 000 -LEADER |
| fixed length control field |
00704cam a2200241 a 4500 |
| 001 - CONTROL NUMBER |
| control field |
82 |
| 003 - CONTROL NUMBER IDENTIFIER |
| control field |
BD-DhUAP |
| 005 - DATE AND TIME OF LATEST TRANSACTION |
| control field |
20200225115527.0 |
| 008 - FIXED-LENGTH DATA ELEMENTS--GENERAL INFORMATION |
| fixed length control field |
200225s1996 nyua b 001 0beng d |
| 020 ## - INTERNATIONAL STANDARD BOOK NUMBER |
| International Standard Book Number |
0810928809 |
| 040 ## - CATALOGING SOURCE |
| Original cataloging agency |
WaS |
| Transcribing agency |
WaS |
| Modifying agency |
BD-DhUAP |
| Language of cataloging |
Eng |
| 082 00 - DEWEY DECIMAL CLASSIFICATION NUMBER |
| Edition number |
23 |
| Classification number |
709.2 JEN |
| 100 1# - MAIN ENTRY--PERSONAL NAME |
| Personal name |
Jenger, Jean. |
| 245 10 - TITLE STATEMENT |
| Title |
Le Corbusier : |
| Remainder of title |
architect, painter, poet / |
| Statement of responsibility, etc. |
Jean Jenger. |
| 260 ## - PUBLICATION, DISTRIBUTION, ETC. |
| Place of publication, distribution, etc. |
New York : |
| Name of publisher, distributor, etc. |
Abrams, |
| Date of publication, distribution, etc. |
c1996. |
| 300 ## - PHYSICAL DESCRIPTION |
| Extent |
159 pages : |
| Other physical details |
illustrations ; |
| Dimensions |
18 cm. |
| 490 ## - SERIES STATEMENT |
| Series statement |
Discoveries. |
| 500 ## - GENERAL NOTE |
| General note |
Includes index. |
| 504 ## - BIBLIOGRAPHY, ETC. NOTE |
| Bibliography, etc. note |
Includes bibliographical references (p. 154). |
| 600 00 - SUBJECT ADDED ENTRY--PERSONAL NAME |
| Personal name |
Le Corbusier, |
| Dates associated with a name |
1887-1965. |
| 650 #0 - SUBJECT ADDED ENTRY--TOPICAL TERM |
| Topical term or geographic name entry element |
Architects |
| Geographic subdivision |
France |
| General subdivision |
Biography. |
| 942 ## - ADDED ENTRY ELEMENTS (KOHA) |
| Source of classification or shelving scheme |
|
| Koha item type |
Book |